| 000 | 01347nam a2200313Ia 4500 | ||
|---|---|---|---|
| 001 | ebr10666141 | ||
| 003 | CaPaEBR | ||
| 006 | m u | ||
| 007 | cr cn||||||||| | ||
| 008 | 130329s2013 gw a sb 000 0 eng d | ||
| 020 | _z9783631631102 | ||
| 020 | _z9783653024982 (ebook) | ||
| 040 |
_aCaPaEBR _cCaPaEBR |
||
| 035 | _a(OCoLC)829905930 | ||
| 050 | 1 | 4 |
_aTT220 _b.G47 2013eb |
| 100 | 1 | _aGerra, Jocelyn B. | |
| 245 | 1 | 3 |
_aAn ethnoarchaeological study of the blacksmithing technology in Cebu Island, Philippines _h[electronic resource] / _cJocelyn B. Gerra. |
| 260 |
_aFrankfurt am Main : _bPeter Lang, _cc2013. |
||
| 300 |
_a114 p. : _bIll. |
||
| 490 | 1 |
_aEuropaische Hochschulschriften. Reihe XXXVIII, Archaologie ; _v78 |
|
| 504 | _aIncludes bibliographical references. | ||
| 533 |
_aElectronic reproduction. _bPalo Alto, Calif. : _cebrary, _d2013. _nAvailable via World Wide Web. _nAccess may be limited to ebrary affiliated libraries. |
||
| 650 | 0 |
_aBlacksmithing _zPhilippines _zCebu City. |
|
| 650 | 0 |
_aIronwork _zPhilippines _zCebu City. |
|
| 655 | 7 |
_aElectronic books. _2local |
|
| 710 | 2 | _aebrary, Inc. | |
| 830 | 0 |
_aEuropaische Hochschulschriften. _nReihe XXXVIII, _pArchaologie ; _v78. |
|
| 856 | 4 | 0 |
_uhttp://site.ebrary.com/lib/rucke/Doc?id=10666141 _zAn electronic book accessible through the World Wide Web; click to view |
| 999 |
_c175088 _d175088 |
||